[Event "2. Bundesliga Ost 2010/2011"]
[Site "2+3.10.Zwettl,30.10-1.11.Wien,27+28.11.Wien,29+30.
[Date "2011.01.30"]
[Round "9"]
[Board "3"]
[White "Riedner, Martin"]
[Black "Pisk, Petr"]
[Result "1/2-1/2"]
[WhiteElo "2146"]
[BlackElo "2313"]
[PlyCount "57"]
[EventDate "2010.10.02"]
[EventType "team"]
[EventRounds "11"]
[EventCountry "AUT"]
[WhiteTeam "ASVOE SK Mattersburg"]
[BlackTeam "SK Zwettl"]

1.c4 e5 2.Nf3 Nc6 3.Nc3 Nf6 4.g3 Bb4 5.Nd5 Bc5 6.Bg2 d6 7.O-O O-O 8.Nxf6+ Qxf6
9.d3 h6 10.Nd2 Qd8 11.Ne4 Bb6 12.Bd2 a6 13.Nc3 Ne7 14.Nd5 Nxd5 15.cxd5 Bd7
16.Rc1 a5 17.Rc4 Bb5 18.Rh4 f5 19.a4 Bd7 20.Rc4 Bc5 21.Qb3 Ra7 22.e3 Bb6 23.Kh1
Ra8 24.Qd1 Qe8 25.b3 Rc8 26.Qe1 Ra8 27.Qd1 Rc8 28.Qe1 Ra8 29.Qd1 1/2-1/2

[Event "2. Bundesliga Ost 2010/2011"]
[Site "2+3.10.Zwettl,30.10-1.11.Wien,27+28.11.Wien,29+30.
[Date "2011.01.30"]
[Round "9"]
[Board "4"]
[White "Buchnicek, Petr"]
[Black "Salamon, Werner"]
[Result "1/2-1/2"]
[WhiteElo "2305"]
[BlackElo "2152"]
[PlyCount "120"]
[EventDate "2010.10.02"]
[EventType "team"]
[EventRounds "11"]
[EventCountry "AUT"]
[WhiteTeam "SK Zwettl"]
[BlackTeam "ASVOE SK Mattersburg"]

1.e4 e5 2.Nf3 Nc6 3.Bc4 Be7 4.O-O Nf6 5.Nc3 d6 6.h3 O-O 7.d4 exd4 8.Nxd4 Nxd4
9.Qxd4 Nd7 10.Nd5 Bf6 11.Nxf6+ Qxf6 12.Be3 Qxd4 13.Bxd4 Nb6 14.Bd3 Be6 15.b3 Nd7
16.Rfe1 a5 17.f4 f6 18.Bb5 Rad8 19.Bc3 b6 20.a3 g5 21.f5 Bf7 22.b4 axb4 23.axb4
Ne5 24.Ra7 c5 25.Rea1 d5 26.bxc5 bxc5 27.exd5 Rxd5 28.Rc7 c4 29.Bxe5 Rxb5 30.Bd6
Rd8 31.Raa7 Rxd6 32.Rxf7 Rxf5 33.Rg7+ Kh8 34.Rxh7+ Kg8 35.Rag7+ Kf8 36.Rc7 Kg8
37.Rcg7+ Kf8 38.Ra7 Kg8 39.Rhc7 Rfd5 40.Rxc4 Rd7 41.Rcc7 Rxc7 42.Rxc7 Kf8 43.Kf2
Ke8 44.c4 Rd3 45.c5 Rc3 46.g3 Kd8 47.Rc6 Kd7 48.Rxf6 Rxc5 49.Kf3 Ke7 50.Ra6 Kf7
51.Kg4 Rb5 52.Ra7+ Kg6 53.Ra6+ Kf7 54.Kh5 Rb3 55.Ra7+ Kf6 56.Ra6+ Kf7 57.g4
Rxh3+ 58.Kxg5 Rb3 59.Ra7+ Kg8 60.Kh5 Rb6 1/2-1/2

[Event "2. Bundesliga Ost 2010/2011"]
[Site "2+3.10.Zwettl,30.10-1.11.Wien,27+28.11.Wien,29+30.
[Date "2011.01.30"]
[Round "9"]
[Board "5"]
[White "Strodl, Joachim"]
[Black "Wagner, Stefan"]
[Result "1-0"]
[WhiteElo "2065"]
[BlackElo "2173"]
[PlyCount "59"]
[EventDate "2010.10.02"]
[EventType "team"]
[EventRounds "11"]
[EventCountry "AUT"]
[WhiteTeam "ASVOE SK Mattersburg"]
[BlackTeam "SK Zwettl"]

1.e4 d5 2.exd5 Qxd5 3.Nc3 Qa5 4.d4 Nf6 5.Bc4 c6 6.Bd2 Bf5 7.Qe2 e6 8.d5 cxd5
9.Nxd5 Qd8 10.Nxf6+ Qxf6 11.O-O-O a6 12.g4 Bg6 13.h4 h6 14.Nf3 Nc6 15.g5 Qe7
16.gxh6 gxh6 17.Ne5 Bxc2 18.Nxc6 Bxd1 19.Rxd1 bxc6 20.Bc3 Rg8 21.Qe4 Qc7 22.Bxe6
Be7 23.Qh7 Rf8 24.Bd7+ Qxd7 25.Rxd7 Kxd7 26.Qxh6 f6 27.Qf4 Ke6 28.Qc4+ Kd7 29.h5
Rh8 30.Qg4+ 1-0

[Event "2. Bundesliga Ost 2010/2011"]
[Site "2+3.10.Zwettl,30.10-1.11.Wien,27+28.11.Wien,29+30.
[Date "2011.01.30"]
[Round "9"]
[Board "6"]
[White "Stadler, Peter"]
[Black "Savio, Alfred Jun."]
[Result "1-0"]
[WhiteElo "2169"]
[BlackElo "2063"]
[PlyCount "62"]
[EventDate "2010.10.02"]
[EventType "team"]
[EventRounds "11"]
[EventCountry "AUT"]
[WhiteTeam "SK Zwettl"]
[BlackTeam "ASVOE SK Mattersburg"]

1.d4 d5 2.c4 c6 3.Nf3 Nf6 4.Nc3 e6 5.e3 Nbd7 6.Bd3 Bd6 7.O-O O-O 8.e4 dxc4
9.Bxc4 e5 10.d5 Nb6 11.Bb3 Bg4 12.dxc6 bxc6 13.h3 Bh5 14.g4 Bg6 15.Qe2 Qe7
16.Bg5 a5 17.a3 Qb7 18.Ba2 Rfe8 19.Nh4 Nfd7 20.Nf5 Bf8 21.Kh2 Nc5 22.h4 Ne6
23.Be3 f6 24.g5 fxg5 25.hxg5 Kh8 26.Qg4 Bf7 27.Kg3 c5 28.Rh1 Nd4 29.Bxf7 Qxf7
30.g6 Nxf5+ 31.exf5 Qg8 1-0

[Event "2. Bundesliga Ost 2010/2011"]
[Site "2+3.10.Zwettl,30.10-1.11.Wien,27+28.11.Wien,29+30.
[Date "2011.01.30"]
[Round "9"]
[Board "1"]
[White "Zilka, Stepan"]
[Black "Fauland, Alexander"]
[Result "0-1"]
[WhiteElo "2479"]
[BlackElo "2436"]
[PlyCount "74"]
[EventDate "2010.10.02"]
[EventType "team"]
[EventRounds "11"]
[EventCountry "AUT"]
[WhiteTeam "Blackburne Nickelsdorf"]
[BlackTeam "Raiffeisen Waehring"]

1.d4 Nf6 2.c4 e6 3.Nc3 c5 4.d5 exd5 5.cxd5 d6 6.Nf3 g6 7.e4 Bg7 8.Be2 O-O 9.O-O
Re8 10.Nd2 Na6 11.f3 Nc7 12.a4 b6 13.Nc4 Ba6 14.Bg5 Qd7 15.Qd2 Bxc4 16.Bxc4 a6
17.Qd3 Nh5 18.Kh1 h6 19.Bd2 g5 20.Rfb1 Nf4 21.Qf1 Be5 22.g3 Ng6 23.Bd3 Bd4
24.Ra2 Ne5 25.Ne2 f5 26.Nxd4 cxd4 27.exf5 Nxd5 28.Be4 Qf7 29.Ra3 Rac8 30.Qxa6
Nf6 31.Qxb6 d5 32.Bd3 Nxf3 33.Bb4 Qh5 34.h4 Qg4 35.Bf1 Rc2 36.Bg2 Qh3+ 37.Bxh3
Rh2# 0-1

[Event "2. Bundesliga Ost 2010/2011"]
[Site "2+3.10.Zwettl,30.10-1.11.Wien,27+28.11.Wien,29+30.
[Date "2011.01.30"]
[Round "9"]
[Board "2"]
[White "Mahdy, Khaled"]
[Black "Pinter, Erik"]
[Result "1/2-1/2"]
[WhiteElo "2401"]
[BlackElo "2379"]
[PlyCount "89"]
[EventDate "2010.10.02"]
[EventType "team"]
[EventRounds "11"]
[EventCountry "AUT"]
[WhiteTeam "Raiffeisen Waehring"]
[BlackTeam "Blackburne Nickelsdorf"]

1.e4 c5 2.Nf3 d6 3.c3 Nf6 4.Be2 Nbd7 5.d3 b6 6.O-O Bb7 7.Re1 g6 8.Be3 Bg7 9.Nbd2
O-O 10.Bf1 Re8 11.Bg5 h6 12.Bxf6 exf6 13.Qb3 Ne5 14.Nxe5 fxe5 15.a4 Bc6 16.Qc2
Rc8 17.Qd1 h5 18.b4 cxb4 19.cxb4 d5 20.b5 Ba8 21.Ra2 Bf8 22.Qb3 Bc5 23.Nf3 Qd6
24.Rc2 Bb7 25.Qb1 Rc7 26.exd5 Rce7 27.Ng5 f5 28.Ne6 Bb4 29.Rec1 Ba3 30.Rc6 Qb8
31.R1c3 Bxc6 32.Rxc6 Rc8 33.Qb3 Bd6 34.Qc4 Rxc6 35.bxc6 Kf7 36.Ng5+ Kg7 37.Ne6+
Kf7 38.Ng5+ Kg8 39.Ne6 Qc8 40.g3 Kf7 41.Ng5+ Kf6 42.Qh4 Kg7 43.Qc4 Kf6 44.Qh4
Kg7 45.Qc4 1/2-1/2

[Event "2. Bundesliga Ost 2010/2011"]
[Site "2+3.10.Zwettl,30.10-1.11.Wien,27+28.11.Wien,29+30.
[Date "2011.01.30"]
[Round "9"]
[Board "3"]
[White "Vlcek, Stanislav"]
[Black "Alvir, Aco"]
[Result "1-0"]
[WhiteElo "2257"]
[BlackElo "2360"]
[PlyCount "113"]
[EventDate "2010.10.02"]
[EventType "team"]
[EventRounds "11"]
[EventCountry "AUT"]
[WhiteTeam "Blackburne Nickelsdorf"]
[BlackTeam "Raiffeisen Waehring"]

1.e4 c5 2.Nf3 Nc6 3.d4 cxd4 4.Nxd4 Nf6 5.Nc3 e5 6.Ndb5 d6 7.Bg5 a6 8.Na3 b5
9.Bxf6 gxf6 10.Nd5 Bg7 11.c3 Ne7 12.Nc2 f5 13.Nxe7 Qxe7 14.exf5 e4 15.a4 bxa4
16.Rxa4 O-O 17.Ne3 Rd8 18.Bc4 Rb8 19.Qc2 Qe5 20.Bd5 Bxf5 21.Nxf5 Qxf5 22.Bxe4
Qb5 23.Rb4 Qh5 24.Rxb8 Rxb8 25.O-O h6 26.Re1 Qb5 27.Re2 d5 28.Bh7+ Kf8 29.Bd3
Qc6 30.Qd1 a5 31.Rd2 d4 32.c4 Re8 33.b3 Qb6 34.Re2 Rxe2 35.Bxe2 Qb4 36.g3 Qc3
37.Kg2 Bf6 38.Bd3 Bg5 39.h4 Bd2 40.Qe2 Bc1 41.Bc2 Ba3 42.Qe4 Bb4 43.Qf5 d3
44.Qxd3 Qxd3 45.Bxd3 Ke7 46.g4 f6 47.Kf3 Ke6 48.Kf4 Be1 49.Ke3 Bb4 50.Bf5+ Kd6
51.f4 Ba3 52.Kd2 Kc5 53.Be6 Kd4 54.g5 fxg5 55.fxg5 hxg5 56.hxg5 Bf8 57.g6 1-0

[Event "2. Bundesliga Ost 2010/2011"]
[Site "2+3.10.Zwettl,30.10-1.11.Wien,27+28.11.Wien,29+30.
[Date "2011.01.30"]
[Round "9"]
[Board "4"]
[White "Wallner, Joachim"]
[Black "Bachofner, Andreas"]
[Result "1/2-1/2"]
[WhiteElo "2294"]
[BlackElo "2243"]
[PlyCount "117"]
[EventDate "2010.10.02"]
[EventType "team"]
[EventRounds "11"]
[EventCountry "AUT"]
[WhiteTeam "Raiffeisen Waehring"]
[BlackTeam "Blackburne Nickelsdorf"]

1.e4 e6 2.d4 d5 3.Nd2 Nf6 4.e5 Nfd7 5.c3 c5 6.f4 Nc6 7.Ndf3 c4 8.h4 h5 9.Be2 g6
10.Ng5 Bh6 11.f5 exf5 12.e6 fxe6 13.Nxe6 Qb6 14.Bxh6 Rxh6 15.Qd2 Rh8 16.Qg5 Ne7
17.Nf4 Qxb2 18.Rd1 Qb6 19.Bf3 Qf6 20.Bxd5 Nxd5 21.Nxd5 Qxg5 22.hxg5 Kf7 23.Nf3
b6 24.Nc7 Rb8 25.Nb5 Bb7 26.O-O Rhd8 27.Rfe1 Bxf3 28.gxf3 Nf8 29.Nxa7 Rd6 30.Nb5
Rd5 31.Re5 Rxe5 32.dxe5 Ne6 33.Rd7+ Kf8 34.Kg2 Ra8 35.a3 Ra5 36.Nd4 Rxe5 37.Rd6
Nxd4 38.Rxd4 b5 39.Kf2 Ke7 40.Kg3 Re3 41.a4 bxa4 42.Rxc4 a3 43.Kf2 f4 44.Rxf4
Rxc3 45.Rf6 h4 46.Kg2 Rc5 47.Ra6 Rxg5+ 48.Kh3 Rg3+ 49.Kxh4 Rxf3 50.Kg4 Rb3
51.Rxg6 Kd7 52.Kf4 Kc7 53.Ke4 Kb7 54.Rg1 Kc6 55.Kd4 Kb5 56.Rg8 Rh3 57.Rb8+ Ka4
58.Kc4 Rh4+ 59.Kc3 1/2-1/2

[Event "2. Bundesliga Ost 2010/2011"]
[Site "2+3.10.Zwettl,30.10-1.11.Wien,27+28.11.Wien,29+30.
[Date "2011.01.30"]
[Round "9"]
[Board "5"]
[White "Koffler, Daniel"]
[Black "Lovrinovic, Christian"]
[Result "1-0"]
[WhiteElo "2199"]
[BlackElo "2193"]
[PlyCount "141"]
[EventDate "2010.10.02"]
[EventType "team"]
[EventRounds "11"]
[EventCountry "AUT"]
[WhiteTeam "Blackburne Nickelsdorf"]
[BlackTeam "Raiffeisen Waehring"]

1.d4 Nf6 2.Bg5 Ne4 3.Bf4 c5 4.f3 Qa5+ 5.c3 Nf6 6.Nd2 cxd4 7.Nb3 Qf5 8.Bxb8 Rxb8
9.Qxd4 b6 10.e4 Qe6 11.Bc4 d5 12.Bxd5 Nxd5 13.Qxd5 Qxd5 14.exd5 e6 15.dxe6 Bxe6
16.Ne2 Be7 17.Kf2 O-O 18.Ned4 Bd7 19.Rhe1 Bf6 20.Re4 Rfc8 21.Rd1 Rb7 22.Nc1 g6
23.Nd3 b5 24.a3 h5 25.Rde1 Kf8 26.Ne5 Be8 27.f4 a5 28.R4e2 Be7 29.Nd3 Bf6 30.g3
Bd7 31.Ne5 Be8 32.h4 Be7 33.Nd3 Rd8 34.Kg1 Bd6 35.Kh2 Re7 36.Ne5 Rc8 37.f5 Rxe5
38.Rxe5 Bxe5 39.Rxe5 Rb8 40.Kg2 Rb6 41.Kf3 Bd7 42.fxg6 fxg6 43.Ke4 Kf7 44.Rc5
Kf6 45.Rc7 Bh3 46.Kf4 Bf1 47.b3 a4 48.bxa4 bxa4 49.Rc6+ Rxc6 50.Nxc6 Bd3 51.Ne5
Bf5 52.Nf3 Bc2 53.Ng5 Bf5 54.Ne4+ Ke7 55.Nc5 Bc2 56.Ke5 Bb3 57.Ne4 Ba2 58.Nf6
Bb3 59.Nd5+ Kd7 60.Nf4 Bc2 61.Kf6 Kc6 62.Nxg6 Kc5 63.Ne5 Bd1 64.Kf5 Kd5 65.g4
hxg4 66.Nxg4 Bc2+ 67.Kf6 Bd3 68.h5 Bb1 69.Ne5 Bh7 70.h6 Ke4 71.Ng6 1-0

[Event "2. Bundesliga Ost 2010/2011"]
[Site "2+3.10.Zwettl,30.10-1.11.Wien,27+28.11.Wien,29+30.
[Date "2011.01.30"]
[Round "9"]
[Board "6"]
[White "Nolz, Tom"]
[Black "Bachofner, Christian"]
[Result "1/2-1/2"]
[WhiteElo "2165"]
[BlackElo "2076"]
[PlyCount "63"]
[EventDate "2010.10.02"]
[EventType "team"]
[EventRounds "11"]
[EventCountry "AUT"]
[WhiteTeam "Raiffeisen Waehring"]
[BlackTeam "Blackburne Nickelsdorf"]

1.e4 c5 2.Nf3 d6 3.d4 cxd4 4.Nxd4 Nf6 5.Nc3 a6 6.Be2 e5 7.Nb3 Be7 8.Be3 Be6
9.Qd2 Nbd7 10.O-O-O b5 11.f3 Qc7 12.f4 O-O 13.g4 b4 14.Nd5 Bxd5 15.exd5 exf4
16.Bxf4 Nb6 17.Bf3 Rfc8 18.Kb1 a5 19.Rc1 Nc4 20.Qe2 a4 21.Nd4 Bf8 22.Nc6 Nb6
23.Nxb4 a3 24.b3 Qc3 25.Nd3 Nfxd5 26.Bd2 Rab8 27.Qf2 Qf6 28.Bxd5 Qxf2 29.Nxf2
Nxd5 30.c4 Nb6 31.Ka1 d5 32.cxd5 1/2-1/2

[Event "2. Bundesliga Ost 2010/2011"]
[Site "2+3.10.Zwettl,30.10-1.11.Wien,27+28.11.Wien,29+30.
[Date "2011.01.30"]
[Round "9"]
[Board "1"]
[White "Videki, Sandor"]
[Black "Poetz, Florian"]
[Result "1-0"]
[WhiteElo "2441"]
[BlackElo "2350"]
[PlyCount "51"]
[EventDate "2010.10.02"]
[EventType "team"]
[EventRounds "11"]
[EventCountry "AUT"]
[WhiteTeam "Spg Data Technology Eichgraben/P."]
[BlackTeam "Niederabsdorf"]

1.e4 c5 2.Nf3 e6 3.d4 cxd4 4.Nxd4 a6 5.Nc3 Qc7 6.Bd3 Nf6 7.O-O Bc5 8.Nb3 Be7
9.f4 d6 10.e5 Nfd7 11.exd6 Bxd6 12.Ne4 Be7 13.Be3 Nc6 14.c3 Nf6 15.Nxf6+ Bxf6
16.Qh5 Ne7 17.Be4 g6 18.Qa5 Qb8 19.Rad1 O-O 20.Bc5 e5 21.Rd8 b6 22.Rxf8+ Kxf8
23.Bxb6 Bb7 24.Nc5 Nc6 25.Nd7+ Kg7 26.Bxc6 1-0

[Event "2. Bundesliga Ost 2010/2011"]
[Site "2+3.10.Zwettl,30.10-1.11.Wien,27+28.11.Wien,29+30.
[Date "2011.01.30"]
[Round "9"]
[Board "2"]
[White "Schwarhofer, Christopher"]
[Black "Ganaus, Hannes"]
[Result "1/2-1/2"]
[WhiteElo "2222"]
[BlackElo "2310"]
[PlyCount "58"]
[EventDate "2010.10.02"]
[EventType "team"]
[EventRounds "11"]
[EventCountry "AUT"]
[WhiteTeam "Niederabsdorf"]
[BlackTeam "Spg Data Technology Eichgraben/P."]

1.e4 e6 2.d4 d5 3.Nc3 Bb4 4.e5 c5 5.a3 Bxc3+ 6.bxc3 Ne7 7.Qg4 Qc7 8.Qxg7 Rg8
9.Qxh7 cxd4 10.Ne2 Nbc6 11.f4 dxc3 12.Qd3 d4 13.Nxd4 Nxd4 14.Qxd4 Bd7 15.Be3 Nf5
16.Qc5 O-O-O 17.Qxa7 Nxe3 18.Qxe3 Qa5 19.h4 Bc6 20.Rh3 Bxg2 21.Qxc3+ Qxc3+
22.Rxc3+ Kb8 23.Rd3 Rc8 24.O-O-O Be4 25.R3d2 Rg4 26.Rf2 Rxf4 27.Rxf4 Rxc2+
28.Kb1 Rd2+ 29.Kc1 Rc2+ 1/2-1/2

[Event "2. Bundesliga Ost 2010/2011"]
[Site "2+3.10.Zwettl,30.10-1.11.Wien,27+28.11.Wien,29+30.
[Date "2011.01.30"]
[Round "9"]
[Board "3"]
[White "Neumeier, Klaus"]
[Black "Schreiner, Peter"]
[Result "1-0"]
[WhiteElo "2374"]
[BlackElo "2257"]
[PlyCount "66"]
[EventDate "2010.10.02"]
[EventType "team"]
[EventRounds "11"]
[EventCountry "AUT"]
[WhiteTeam "Spg Data Technology Eichgraben/P."]
[BlackTeam "Niederabsdorf"]

1.e4 e5 2.Nf3 Nc6 3.Bc4 Bc5 4.O-O Nf6 5.d4 Bxd4 6.Nxd4 Nxd4 7.f4 d6 8.fxe5 dxe5
9.Bg5 Qe7 10.Na3 Be6 11.c3 Nc6 12.Rf2 Rg8 13.Qd3 Bxc4 14.Nxc4 Qd7 15.Qf3 Ng4
16.Rd1 Qe6 17.Nd6+ cxd6 18.Rxd6 Nxf2 19.Rxe6+ fxe6 20.Qh5+ Kd7 21.Kxf2 h6 22.Be3
Rgf8+ 23.Ke2 Rf6 24.b4 a6 25.a4 b5 26.a5 Raf8 27.Qh3 Rf1 28.Bc5 R8f7 29.Qd3+ Kc7
30.Qd6+ Kb7 31.Be3 Rb1 32.Qc5 Rb2+ 33.Ke1 Nb8 1-0

[Event "2. Bundesliga Ost 2010/2011"]
[Site "2+3.10.Zwettl,30.10-1.11.Wien,27+28.11.Wien,29+30.
[Date "2011.01.30"]
[Round "9"]
[Board "4"]
[White "Wolfram, Bernd"]
[Black "Weissenbeck, Manuel"]
[Result "0-1"]
[WhiteElo "2186"]
[BlackElo "2316"]
[PlyCount "64"]
[EventDate "2010.10.02"]
[EventType "team"]
[EventRounds "11"]
[EventCountry "AUT"]
[WhiteTeam "Niederabsdorf"]
[BlackTeam "Spg Data Technology Eichgraben/P."]

1.g3 e5 2.c4 Nf6 3.Bg2 Nc6 4.Nc3 Bb4 5.e3 O-O 6.Nge2 Re8 7.Qc2 a5 8.O-O d6 9.a3
Bc5 10.Rb1 Bd7 11.d3 Qc8 12.Nd5 Nxd5 13.Bxd5 Bh3 14.Rd1 Ne7 15.Bh1 c6 16.b4 axb4
17.axb4 Ba7 18.Nc3 Qg4 19.Qe2 Qg6 20.b5 h5 21.b6 Bb8 22.e4 h4 23.Bg2 Bxg2
24.Kxg2 f5 25.f3 Ra6 26.Qf2 Rf8 27.Rg1 fxe4 28.dxe4 d5 29.c5 dxe4 30.Nxe4 h3+
31.Kf1 Ra4 32.Bg5 Nd5 0-1

[Event "2. Bundesliga Ost 2010/2011"]
[Site "2+3.10.Zwettl,30.10-1.11.Wien,27+28.11.Wien,29+30.
[Date "2011.01.30"]
[Round "9"]
[Board "5"]
[White "Pichler, Michael"]
[Black "Hansen, Kay"]
[Result "1-0"]
[WhiteElo "2253"]
[BlackElo "2247"]
[PlyCount "51"]
[EventDate "2010.10.02"]
[EventType "team"]
[EventRounds "11"]
[EventCountry "AUT"]
[WhiteTeam "Spg Data Technology Eichgraben/P."]
[BlackTeam "Niederabsdorf"]

1.e4 d5 2.exd5 Nf6 3.d4 Nxd5 4.Nf3 c6 5.Be2 Bg4 6.O-O e6 7.Ne5 Bxe2 8.Qxe2 Be7
9.c4 Nf6 10.Rd1 O-O 11.Nc3 a5 12.Bf4 a4 13.Rd3 Nbd7 14.Rad1 Nb6 15.Rg3 Re8 16.h4
Nbd7 17.h5 c5 18.Bh6 g6 19.hxg6 hxg6 20.Nxg6 Kh7 21.Nxe7 Qxe7 22.Bg7 Rg8 23.Qd3+
Ne4 24.Qxe4+ f5 25.Qxb7 Rab8 26.Qc7 1-0

[Event "2. Bundesliga Ost 2010/2011"]
[Site "2+3.10.Zwettl,30.10-1.11.Wien,27+28.11.Wien,29+30.
[Date "2011.01.30"]
[Round "9"]
[Board "6"]
[White "Wiedermann, Daniel"]
[Black "Hechl, Gerald"]
[Result "1-0"]
[WhiteElo "2192"]
[BlackElo "2261"]
[PlyCount "27"]
[EventDate "2010.10.02"]
[EventType "team"]
[EventRounds "11"]
[EventCountry "AUT"]
[WhiteTeam "Niederabsdorf"]
[BlackTeam "Spg Data Technology Eichgraben/P."]

1.d4 e6 2.c4 c5 3.d5 exd5 4.cxd5 d6 5.e4 g6 6.Nc3 Bg7 7.h3 a6 8.a4 Nd7 9.Nf3 Ne7
10.Bd3 O-O 11.Bf4 Qc7 12.O-O f5 13.e5 Bxe5 14.Nxe5 1-0

[Event "2. Bundesliga Ost 2010/2011"]
[Site "2+3.10.Zwettl,30.10-1.11.Wien,27+28.11.Wien,29+30.
[Date "2011.03.12"]
[Round "10"]
[Board "1"]
[White "Hodisch, Juri"]
[Black "Poetz, Florian"]
[Result "0-1"]
[WhiteElo "2393"]
[BlackElo "2350"]
[PlyCount "74"]
[EventDate "2010.10.02"]
[EventType "team"]
[EventRounds "11"]
[EventCountry "AUT"]
[WhiteTeam "Aljechin/Wieden"]
[BlackTeam "Niederabsdorf"]

1.d4 d5 2.c4 c6 3.Nf3 Nf6 4.Nc3 dxc4 5.a4 Bf5 6.Ne5 Nbd7 7.Nxc4 Qc7 8.g3 e5
9.dxe5 Nxe5 10.Bf4 Nfd7 11.Bg2 g5 12.Ne3 gxf4 13.Nxf5 O-O-O 14.O-O fxg3 15.hxg3
Kb8 16.Qc2 h5 17.Rfd1 Ng6 18.Qe4 h4 19.gxh4 Rg8 20.e3 Nge5 21.f4 Ng4 22.Rd3 Bc5
23.Rad1 Rde8 24.Qf3 Ndf6 25.Ne2 Nd5 26.Ned4 Bxd4 27.exd4 Nxf4 28.R3d2 Nd5 29.Rd3
Qh2+ 30.Kf1 Qc7 31.Kg1 Ka8 32.b3 a6 33.Rc1 Qh2+ 34.Kf1 Nge3+ 35.Nxe3 Nxe3+
36.Rxe3 Rxe3 37.Qxe3 Rxg2 0-1

[Event "2. Bundesliga Ost 2010/2011"]
[Site "2+3.10.Zwettl,30.10-1.11.Wien,27+28.11.Wien,29+30.
[Date "2011.03.12"]
[Round "10"]
[Board "2"]
[White "Schwarhofer, Christopher"]
[Black "Heiny, Johannes"]
[Result "1-0"]
[WhiteElo "2222"]
[BlackElo "2263"]
[PlyCount "73"]
[EventDate "2010.10.02"]
[EventType "team"]
[EventRounds "11"]
[EventCountry "AUT"]
[WhiteTeam "Niederabsdorf"]
[BlackTeam "Aljechin/Wieden"]

1.e4 e6 2.d4 d5 3.Nc3 Nf6 4.e5 Nfd7 5.f4 c5 6.Nf3 Nc6 7.Be3 Qb6 8.Na4 Qa5+ 9.c3
c4 10.b4 Qc7 11.Be2 Be7 12.O-O f5 13.g4 b5 14.Nc5 Nxc5 15.dxc5 fxg4 16.Nd4 Nxd4
17.cxd4 a5 18.a4 Rb8 19.axb5 Rxb5 20.bxa5 h5 21.a6 O-O 22.Ra3 Ra5 23.Qa1 Rxa3
24.Qxa3 Bd7 25.Rb1 Ra8 26.h3 gxh3 27.Bxh5 Qc8 28.Rb7 Bd8 29.Bd2 Bc7 30.Qxh3 Be8
31.Bxe8 Qxe8 32.Rxc7 Rxa6 33.Qg4 Qf8 34.c6 Ra1+ 35.Kf2 Ra2 36.Qxe6+ Kh7 37.Qh3+ 1-0

[Event "2. Bundesliga Ost 2010/2011"]
[Site "2+3.10.Zwettl,30.10-1.11.Wien,27+28.11.Wien,29+30.
[Date "2011.03.12"]
[Round "10"]
[Board "3"]
[White "Groetz, Harald"]
[Black "Schreiner, Peter"]
[Result "0-1"]
[WhiteElo "2321"]
[BlackElo "2257"]
[PlyCount "120"]
[EventDate "2010.10.02"]
[EventType "team"]
[EventRounds "11"]
[EventCountry "AUT"]
[WhiteTeam "Aljechin/Wieden"]
[BlackTeam "Niederabsdorf"]

1.e4 e5 2.Nf3 Nc6 3.Bb5 Nf6 4.O-O Nxe4 5.d4 Nd6 6.Bxc6 dxc6 7.dxe5 Nf5 8.Qxd8+
Kxd8 9.Nc3 Bd7 10.h3 Kc8 11.b3 b6 12.Rd1 Be8 13.Bb2 h5 14.Rd3 Kb7 15.Rad1 Be7
16.Ne2 a5 17.a4 c5 18.c4 Bc6 19.Nc3 g5 20.Nd5 g4 21.Nd2 Rhg8 22.Ne4 Bg5 23.Kf1
Rg6 24.Ke2 Re8 25.hxg4 hxg4 26.Rh1 Nd4+ 27.Bxd4 cxd4 28.Rxd4 Rxe5 29.Kd3 Bh6
30.Ng3 f5 31.Rh5 Bg5 32.Ne2 Rg7 33.g3 Be8 34.Rh8 c5 35.Rf4 Bc6 36.Rf8 Bxd5
37.cxd5 Rxd5+ 38.Kc4 Rd2 39.R4xf5 Rxe2 40.Kb5 Be7 41.Re8 Re4 42.Rf4 Rxf4 43.gxf4
Bd6 44.Re6 Kc7 45.f5 Rf7 46.Rg6 c4 47.f6 Kd7 48.Kxc4 Ke6 49.Rxg4 Rxf6 50.Kb5 Bc5
51.f4 Kf5 52.Rh4 Ke4 53.Rh5 Bb4 54.Rh1 Kxf4 55.Rh4+ Ke5 56.Rh5+ Kd4 57.Rh4+ Kc3
58.Rh3+ Kb2 59.Kc4 Rf4+ 60.Kb5 Bc5 0-1

[Event "2. Bundesliga Ost 2010/2011"]
[Site "2+3.10.Zwettl,30.10-1.11.Wien,27+28.11.Wien,29+30.
[Date "2011.03.12"]
[Round "10"]
[Board "4"]
[White "Wolfram, Bernd"]
[Black "Schlosser, Michael"]
[Result "1/2-1/2"]
[WhiteElo "2186"]
[BlackElo "2331"]
[PlyCount "111"]
[EventDate "2010.10.02"]
[EventType "team"]
[EventRounds "11"]
[EventCountry "AUT"]
[WhiteTeam "Niederabsdorf"]
[BlackTeam "Aljechin/Wieden"]

1.e4 c5 2.Nf3 e6 3.d4 cxd4 4.Nxd4 Nf6 5.Bd3 Nc6 6.Nb3 d5 7.exd5 Qxd5 8.O-O a6
9.c4 Qd8 10.Nc3 Qc7 11.f4 Na5 12.Nxa5 Qxa5 13.Kh1 Be7 14.a3 O-O 15.b4 Qc7 16.Bb2
Rd8 17.Qe2 b6 18.Ne4 Nxe4 19.Qxe4 g6 20.Be5 Qd7 21.Qxa8 Bb7 22.Qxd8+ Bxd8
23.Rad1 Qc8 24.Rf2 f6 25.Bd6 Qc6 26.c5 Qa4 27.Rc2 Bd5 28.Ra1 bxc5 29.Bxc5 Qb3
30.Rd2 Qc3 31.Rdd1 a5 32.Bf1 axb4 33.axb4 Qb2 34.Rab1 Qc2 35.Rdc1 Qe4 36.b5 Qxf4
37.b6 Bb7 38.Rd1 Bd5 39.b7 Bc7 40.Bg1 h5 41.Rd4 Qe5 42.Bc4 Bc6 43.Rd8+ Kg7
44.Bf1 Bb8 45.Rxb8 Qxb8 46.Ba7 Qxb7 47.Rxb7+ Bxb7 48.Bc4 e5 49.Bb8 h4 50.Kg1 Be4
51.Kf2 g5 52.Be2 Bd5 53.Bh5 Bc6 54.Bd6 Bd5 55.Be8 Be4 56.Be7 1/2-1/2

[Event "2. Bundesliga Ost 2010/2011"]
[Site "2+3.10.Zwettl,30.10-1.11.Wien,27+28.11.Wien,29+30.
[Date "2011.03.12"]
[Round "10"]
[Board "5"]
[White "Albadri, Abd Al Sattar"]
[Black "Wiedermann, Daniel"]
[Result "1-0"]
[WhiteElo "2226"]
[BlackElo "2192"]
[PlyCount "74"]
[EventDate "2010.10.02"]
[EventType "team"]
[EventRounds "11"]
[EventCountry "AUT"]
[WhiteTeam "Aljechin/Wieden"]
[BlackTeam "Niederabsdorf"]

1.b3 d5 2.Bb2 Bg4 3.d4 Nf6 4.Nd2 c5 5.dxc5 Qa5 6.Ngf3 Nc6 7.a3 Qxc5 8.e3 e6
9.Bd3 Bd6 10.b4 Qb6 11.c4 Bxf3 12.Qxf3 Be5 13.c5 Qc7 14.Bxe5 Nxe5 15.Bb5+ Nc6
16.O-O O-O 17.Bd3 a5 18.bxa5 Rxa5 19.Nb3 Ra4 20.Bb5 Ne5 21.Qe2 Rh4 22.f4 Neg4
23.h3 Nh6 24.Qe1 Nf5 25.Bd3 Rh6 26.g4 Rxh3 27.gxf5 Ng4 28.Kg2 Rxe3 29.Qd2 g5
30.Be2 gxf4 31.Bxg4 f3+ 32.Rxf3 Rxf3 33.Qg5+ Kh8 34.Qf6+ Kg8 35.Kxf3 e5 36.Rg1
e4+ 37.Kf2 Qf4+ 1-0

[Event "2. Bundesliga Ost 2010/2011"]
[Site "2+3.10.Zwettl,30.10-1.11.Wien,27+28.11.Wien,29+30.
[Date "2011.03.12"]
[Round "10"]
[Board "6"]
[White "Teuber, Andreas"]
[Black "Batyte, Daiva"]
[Result "1-0"]
[WhiteElo "2167"]
[BlackElo "2167"]
[PlyCount "69"]
[EventDate "2010.10.02"]
[EventType "team"]
[EventRounds "11"]
[EventCountry "AUT"]
[WhiteTeam "Niederabsdorf"]
[BlackTeam "Aljechin/Wieden"]

1.e4 b6 2.d4 Bb7 3.Bd3 e6 4.Nf3 Be7 5.O-O Nf6 6.Nbd2 d5 7.e5 Nfd7 8.Re1 Ba6
9.Nf1 c5 10.c3 Bxd3 11.Qxd3 Nc6 12.Bf4 c4 13.Qc2 Nf8 14.Qd2 Ng6 15.Bg5 Bxg5
16.Nxg5 h6 17.Nh3 O-O 18.Re3 b5 19.f4 Qh4 20.Rg3 Nce7 21.Ne3 Nxf4 22.Nxf4 Qxf4
23.Rg4 Qxg4 24.Nxg4 Nf5 25.Rf1 a5 26.Rxf5 exf5 27.Ne3 f6 28.Nxf5 Rae8 29.Qf4
fxe5 30.Qg4 g5 31.Nxh6+ Kh7 32.Qh5 Re6 33.Nf5+ Kg8 34.Qxg5+ Kf7 35.dxe5 1-0

[Event "2. Bundesliga Ost 2010/2011"]
[Site "2+3.10.Zwettl,30.10-1.11.Wien,27+28.11.Wien,29+30.
[Date "2011.03.12"]
[Round "10"]
[Board "1"]
[White "Fauland, Alexander"]
[Black "Videki, Sandor"]
[Result "1-0"]
[WhiteElo "2436"]
[BlackElo "2441"]
[PlyCount "69"]
[EventDate "2010.10.02"]
[EventType "team"]
[EventRounds "11"]
[EventCountry "AUT"]
[WhiteTeam "Raiffeisen Waehring"]
[BlackTeam "Spg Data Technology Eichgraben/P."]

1.Nf3 g6 2.d4 Nf6 3.Bf4 d6 4.e3 Nh5 5.Bg5 h6 6.Bh4 g5 7.Nfd2 Ng7 8.Bg3 Nf5 9.Bd3
Nxg3 10.hxg3 Bg7 11.Nc3 e6 12.f4 Nc6 13.Qh5 Bd7 14.Nde4 Qe7 15.Nxg5 O-O-O
16.Nxf7 Be8 17.Bg6 Bxf7 18.Bxf7 Nb4 19.O-O-O Rdf8 20.Bg6 c5 21.Be4 d5 22.Bf3 Kb8
23.a3 Nc6 24.Ne2 Rc8 25.Kb1 b5 26.dxc5 Qxc5 27.Qg6 Bxb2 28.Kxb2 Na5 29.Qd3 Nc4+
30.Ka2 Rc6 31.Rb1 Ra6 32.Rb3 b4 33.c3 Rxa3+ 34.Rxa3 bxa3 35.Rb1+ 1-0